| 000 | 00929nam a2200289 a 4500 | ||
|---|---|---|---|
| 001 | vtls001204993 | ||
| 003 | NLI | ||
| 005 | 20210603164543.0 | ||
| 008 | 120328m18731898ii f001 0 eng d | ||
| 039 | 9 |
_y201203281916 _zVLOAD |
|
| 040 |
_a NLI _b eng _c Entertech IMP - 2012 _e AACR2 |
||
| 041 | 0 | _aeng | |
| 044 | _aii | ||
| 084 | _a166.B.45 | ||
| 245 | 0 | 0 |
_aRisings on the north-West frontier / _cpublished by Pioneer press |
| 260 |
_aAllahabad: _bPioneer Press , _c1873-1898 |
||
| 300 |
_aiii, 248 p. ; _c23 cm. |
||
| 710 | 2 |
_aPioneer Press _4pbl _9623720 |
|
| 887 | _a | ||
| 901 |
_aIMP113000 : _b27.12.2010 |
||
| 901 |
_aIMP113000 : _b27.12.2010 _9c.2 |
||
| 902 | _a166.B.45 | ||
| 942 |
_2ddc _cBKS |
||
| 949 |
_AVIRTUAITEM _D10000 _X100 _6IMP000113000ENG |
||
| 949 |
_AVIRTUAITEM _D10000 _X100 _6IMP000113001ENG |
||
| 999 |
_aVIRTUA _c511069 _d511069 |
||
| 999 | _aVTLSSORT0080*0400*0410*0440*0840*2450*2600*3000*7100*9010*9011*9020*9490*9491*9991 | ||